• 首页
  • 本馆介绍
  • 公告通知
  • 最新文献
  • 馆藏检索
  • 电子资源
  • 读者导购
  • 参考咨询
  • 我的图书馆
  • 登录
  • 详细信息显示
  • 放入我的书架
  • 预约/预借图书
  • 作者相关作品
  • 分类相关作品
  • 丛书相关作品
  • 出版社相关作品

书目信息

  • 表格格式
  • 工作单格式
  • 卡片格式
题名:
比较文字学初探
    
 
作者: 周有光 著
分册:  
出版信息: 北京   语文出版社  1998
页数: 443页
开本: 20cm
丛书名:
单 册:
中图分类: H02
科图分类:
主题词: 比较学:文字学--研究
电子资源:
ISBN: 7-80126-357-X
000 00890nam0 2200289 450
000 00853nam0 2200277 450
000 00851nam0 2200289 450
000 00797nam0 2200265 450
000 00815nam0 2200253 450
000 00778nam0 2200241 45
001 TS2006049079
005 20061226102328.70
010    @a7-80126-357-X@dCNY26.00
100    @a20060829d1998 kemy0chiy0120 ea
101 0  @achi
102    @aCN@b110000
105    @af z 000yy
200 1  @a比较文字学初探@Abi jiao wen zi xue chu tan@f周有光著@FZhou You Guang Zhu
210    @a北京@c语文出版社@d1998
215    @a443页@c彩照@d20cm
606 0  @a比较学:文字学@y研究
690    @aH02@v4
701  0 @a周有光@Azhou you guang@4著
801  0 @aCN@b中图数据@c20061226
905    @a10447@dH02@e104
    
    比较文字学初探/周有光著.-北京:语文出版社,1998
    443页:彩照;20cm
    
    
    ISBN 7-80126-357-X:CNY26.00
    
●
相关链接 在E读中查询图书 在五车中查询图书 在当当中查询图书 在豆瓣中查询图书


正题名:比较文字学初探     索取号:H02/104         预约/预借

序号 登录号 条形码 馆藏地/架位号 状态 备注
1 0617148   206171480   第二样本阅览室/ [索取号:H02/104] 在馆    
2 0617149   206171499   第四借阅区/ [索取号:H02/104] 在馆    
3 0617150   206171505   第四借阅区/ [索取号:H02/104] 在馆    
4 0617151   206171514   第四借阅区/ [索取号:H02/104] 在馆    
5 0617152   206171523   第四借阅区/ [索取号:H02/104] 在馆    
唐山师范学院图书馆 欢迎您!
大连网信软件有限公司© 版权所有